ARRUPE JESUIT UNIVERSITY

CORONAVIRUS -STOP THE SPREAD - CLEAN,DISINFECT,COVER

The epic of Mount Everest, (Record no. 119342)

MARC details
000 -LEADER
fixed length control field 00908cam a22002531 4500
001 - CONTROL NUMBER
control field 8736427
003 - CONTROL NUMBER IDENTIFIER
control field ARRUPE
005 - DATE AND TIME OF LATEST TRANSACTION
control field 20131219114455.0
008 - FIXED-LENGTH DATA ELEMENTS--GENERAL INFORMATION
fixed length control field 761108s1926 xx 000 0 eng
010 ## - LIBRARY OF CONGRESS CONTROL NUMBER
LC control number 26024166
035 ## - SYSTEM CONTROL NUMBER
System control number (OCoLC)2546394
040 ## - CATALOGING SOURCE
Original cataloging agency DLC
Transcribing agency O
Modifying agency OCoLC
-- DLC
050 00 - LIBRARY OF CONGRESS CALL NUMBER
Classification number DS495.8.E9
Item number Y68 1926
300 ## - PHYSICAL DESCRIPTION
Other physical details front., illus. (maps) plates, ports.
Dimensions 21 cm.
100 1# - MAIN ENTRY--PERSONAL NAME
Personal name Younghusband, Francis Edward,
Titles and other words associated with a name Sir,
Dates associated with a name 1863-1942.
9 (RLIN) 5922
245 14 - TITLE STATEMENT
Title The epic of Mount Everest,
Statement of responsibility, etc by Sir Francis Younghusband.
260 ## - PUBLICATION, DISTRIBUTION, ETC. (IMPRINT)
Place of publication, distribution, etc New York,
Name of publisher, distributor, etc Longmans, Green & co.;
Place of publication, distribution, etc London,
Name of publisher, distributor, etc E. Arnold,
Date of publication, distribution, etc 1926.
300 ## - PHYSICAL DESCRIPTION
Extent 319 p.
611 20 - SUBJECT ADDED ENTRY--MEETING NAME
Meeting name or jurisdiction name as entry element Mount Everest Expedition
Date of meeting (1921)
9 (RLIN) 5923
611 20 - SUBJECT ADDED ENTRY--MEETING NAME
Meeting name or jurisdiction name as entry element Mount Everest Expedition
Date of meeting (1922)
9 (RLIN) 5924
611 20 - SUBJECT ADDED ENTRY--MEETING NAME
Meeting name or jurisdiction name as entry element Mount Everest Expedition
Date of meeting (1924)
9 (RLIN) 5925
651 #0 - SUBJECT ADDED ENTRY--GEOGRAPHIC NAME
Geographic name Everest, Mount (China and Nepal)
9 (RLIN) 5926
906 ## - LOCAL DATA ELEMENT F, LDF (RLIN)
a 7
b cbc
c oclcrpl
d u
e ncip
f 19
g y-gencatlg
942 ## - ADDED ENTRY ELEMENTS (KOHA)
Source of classification or shelving scheme Library of Congress Classification
Koha item type Monograph ( Printed materials)
Holdings
Withdrawn status Lost status Source of classification or shelving scheme Damaged status Not for loan Home library Current library Date acquired Total Checkouts Full call number Barcode Date last seen Price effective from Koha item type
    Library of Congress Classification     ARRUPE LIBRARY ARRUPE LIBRARY 19/12/2013   DS495.8.E9 Y68 1926 464123057 04/12/2017 19/12/2013 Monograph ( Printed materials)

 

Arrupe Library. PO Box MP320 Mt Pleasant, Harare, Zimbabwe
263 242 745411|librarian@aju.ac.zw